| 000 | 00896nam a22002297a 4500 | ||
|---|---|---|---|
| 999 |
_c5694 _d5694 |
||
| 003 | DO-SdBJH | ||
| 005 | 20200122144804.0 | ||
| 008 | 200122b ||||| |||| 00| 0 spa d | ||
| 020 | _a9684228422 | ||
| 040 |
_aDO-SdBJH _bspa _cDO-SdBJH |
||
| 082 | 0 | 4 |
_a658.00973 _bR34b |
| 100 | 0 | 1 | _aReid, Peter C |
| 245 | 1 | 0 |
_aBien hecho en América : _b $aBien hecho en América : $blecciones de Harley-Davidson para sobrevivir ante la competencia internacional / _cPeter C. Reid ; traducción de Roberto A. Haas. |
| 260 |
_aMéxico : _bMcGraw-Hill Interamericana de México, _c1991. |
||
| 300 |
_axvi, 295 p. : _bil., retr., fotos ; _c21 cm. |
||
| 504 | _aIncluye bibliografía e índice. | ||
| 650 |
_aCompetencia económica. _vEmpresas _xEstados Unidos |
||
| 650 |
_vEstudio de casos . _xMotocicletas |
||
| 650 |
_xIndustria _z Estados Unidos. |
||
| 700 |
_aHaas, Roberto A. _dtraductor |
||
| 942 |
_2ddc _cBK |
||